000 01033nas a2200337 4500
001 BR2016001502
003 BR-BrBNA
005 20231205130242.0
007 ta
008 230509b bl.|||p| |||| 00| 00por d
040 _aBR-BrBNA
_bpor
_cBiblioteca Nacional de Agricultura
041 _a(En)
072 _aL02
100 1 _aAraújo, W.A.G.
100 1 _aAlbino, L.F.T.
100 1 _aRostagno, H.S.
100 1 _aPessoa, G.B.S.
100 1 _aCruz, S.C.S.
100 1 _aLelis, G.R.
100 1 _aCarneiro, P.R.O.
100 1 _aVieira, R.A.
245 1 _aSunflower meal and supplementation of an enzyme complex in layer diets
650 _aGALINHA PARA POSTURA
650 _aDIETA
650 _aOVO
650 _aQUALIDADE
773 0 _tRevista Brasileira de Ciência Avícola (Brazil)
_xISSN 1806-9061
_g(Jul-Sep 2015), v. 17(3) p. 363-370
_wBR2016001502
856 4 0 _uhttp://www.scielo.br/pdf/rbca/v17n3/1516-635X-rbca-17-03-00363.pdf
909 _a202311
_bLúcia
_c55
_dLúcia Elande
942 _2AGRIS
_n0
_cANA
999 _c248471
_d248471